[Event "Integracyjny Turniej FIANCHETTO"]
[Site "Jastrzebia Gora"]
[Date "2013.??.??"]
[Round "6.2"]
[White "Bakalarz, Leszek"]
[Black "Kaukiel, Piotr"]
[Result "0-1"]
[WhiteElo "2148"]
[BlackElo "2211"]
[PlyCount "60"]
[EventDate "2013.??.??"]

1. e4 d6 2. d4 Nf6 3. Nc3 g6 4. f4 Bg7 5. Nf3 O-O 6. Be3 b6 7. Qd2 Bb7 8. Bd3
a6 9. h3 c5 10. b3 cxd4 11. Nxd4 Nbd7 12. b4 Rc8 13. Rb1 e5 14. Nde2 Nh5 15.
fxe5 Nxe5 16. O-O Nc4 17. Bxc4 Rxc4 18. Qd3 b5 19. Nd5 Re8 20. g4 Bxd5 21. exd5
Ng3 22. Rf3 Nxe2+ 23. Qxe2 Qc7 24. Qd1 Rxc2 25. Rc1 Rc4 26. Kg2 Rc8 27. Rxc4
Qxc4 28. Qd2 Qe4 29. Bf2 Rc3 30. Qf4 Qxd5 0-1

[Event "Integracyjny Turniej FIANCHETTO"]
[Site "Jastrzebia Gora"]
[Date "2013.??.??"]
[Round "6.3"]
[White "Schils, Heinz"]
[Black "Relidzynski, Tadeusz"]
[Result "1/2-1/2"]
[WhiteElo "1811"]
[BlackElo "1875"]
[PlyCount "67"]
[EventDate "2013.??.??"]

1. d4 Nf6 2. Nf3 e6 3. c4 c5 4. d5 exd5 5. cxd5 d6 6. Nc3 g6 7. Bg5 Bg7 8. e3
O-O 9. Be2 a6 10. a4 Nbd7 11. Nd2 Qc7 12. O-O Re8 13. Nc4 Nb6 14. Na3 Bd7 15.
Bh4 Ne4 16. a5 16... Nxc3 $11 17. bxc3 Na4 18. Nb1 Nxc3 19. Nxc3 Bxc3 20. Ra2
Bb5 21. Qc2 Bg7 22. Rb1 c4 23. e4 Qc5 24. Kh1 Rac8 25. f4 Qe3 26. Bg4 Rc7 27.
Bf3 Qd3 28. Bf2 Qxc2 29. Rxc2 $11 29... c3 30. Rb4 Bd3 31. Rc1 f5 32. e5 Bf8
33. Rb6 dxe5 34. fxe5 {(...83)} 1/2-1/2

[Event "Integracyjny Turniej FIANCHETTO"]
[Site "Jastrzebia Gora"]
[Date "2013.??.??"]
[Round "6.4"]
[White "Wojcieszyn, Zdzislaw"]
[Black "Wroblewski, Mieczyslaw"]
[Result "0-1"]
[WhiteElo "2005"]
[BlackElo "1825"]
[PlyCount "50"]
[EventDate "2013.??.??"]

1. c4 c5 2. Nc3 Nc6 3. g3 g6 4. Bg2 Bg7 5. Nf3 e6 6. e4 a6 7. O-O Nge7 8. d3
O-O 9. Be3 d6 10. Qd2 Rb8 11. a4 b6 12. Bh6 Re8 13. Bxg7 Kxg7 14. d4 cxd4 15.
Nxd4 Na5 16. Qd3 Qc7 17. b3 e5 18. Ndb5 axb5 19. Nxb5 Qc5 20. Nxd6 Rd8 21. Rfd1
Qb4 22. f4 f6 23. fxe5 fxe5 24. Qe3 Rxd6 25. Rf1 Qc5 0-1

[Event "Integracyjny Turniej FIANCHETTO"]
[Site "Jastrzebia Gora"]
[Date "2013.??.??"]
[Round "6.5"]
[White "Najdzionek, Boleslaw"]
[Black "Niecko, Stanislaw"]
[Result "1/2-1/2"]
[WhiteElo "1911"]
[BlackElo "1817"]
[PlyCount "26"]
[EventDate "2013.??.??"]

1. d4 Nf6 2. c4 c5 3. e3 g6 4. Nc3 Bg7 5. Nf3 O-O 6. Be2 d6 7. O-O a6 8. Bd2
Nc6 9. d5 Na7 10. Rc1 Bg4 11. h3 Bxf3 12. Bxf3 b5 13. cxb5 axb5 1/2-1/2

[Event "Integracyjny Turniej FIANCHETTO"]
[Site "Jastrzebia Gora"]
[Date "2013.??.??"]
[Round "6.6"]
[White "Rogalski, Krzysztof"]
[Black "Karolak, Jan"]
[Result "1-0"]
[WhiteElo "1805"]
[BlackElo "1905"]
[PlyCount "51"]
[EventDate "2013.??.??"]

1. d4 Nf6 2. c4 g6 3. Nc3 Bg7 4. e4 d6 5. Be2 Nc6 6. d5 Ne5 7. Nf3 Nxf3+ 8.
Bxf3 e5 9. Bg5 h6 10. Be3 Bd7 11. h3 a6 12. a4 O-O 13. Qd2 Kh7 14. O-O Ng8 15.
Be2 Ne7 16. f4 f5 17. fxe5 dxe5 18. exf5 Nxf5 19. Bf2 Qg5 20. Qxg5 hxg5 21. Bd3
Nd6 22. Be3 Bh6 23. Rxf8 Rxf8 24. Rf1 Rxf1+ 25. Bxf1 Bf5 26. Be2 {(...34)} 1-0

[Event "Integracyjny Turniej FIANCHETTO"]
[Site "Jastrzebia Gora"]
[Date "2013.??.??"]
[Round "6.7"]
[White "Pioch, Zygmunt"]
[Black "Strojek, Kazimierz"]
[Result "1-0"]
[WhiteElo "2086"]
[BlackElo "1737"]
[PlyCount "53"]
[EventDate "2013.??.??"]

1. e4 e6 2. d4 d5 3. e5 Ne7 4. Nf3 Nd7 5. Bd3 c5 6. c3 Nc6 7. O-O Be7 8. a3 O-O
9. b4 b6 10. Re1 f5 11. exf6 Nxf6 12. Ra2 c4 13. Bc2 Qc7 14. Ba4 Nd8 15. Ne5
Bd6 16. Rae2 a6 17. Bc2 Nf7 18. Re3 Bxe5 19. dxe5 Ne4 20. f3 Nxc3 21. Nxc3 Rd8
22. Qd4 Bd7 23. Nxd5 exd5 24. e6 Be8 25. exf7+ Qxf7 26. Bb2 Ra7 27. Qh4 1-0

[Event "Integracyjny Turniej FIANCHETTO"]
[Site "Jastrzebia Gora"]
[Date "2013.??.??"]
[Round "6.8"]
[White "Zieba, Teofil"]
[Black "Krawcewicz, Lucyna"]
[Result "0-1"]
[WhiteElo "1767"]
[BlackElo "1935"]
[PlyCount "84"]
[EventDate "2013.??.??"]

1. e4 c5 2. Nf3 e6 3. d4 cxd4 4. Nxd4 Nf6 5. Nc3 Bb4 6. e5 Nd5 7. Bd2 Bxc3 8.
bxc3 f5 9. Nb5 O-O 10. Nd6 Nc6 11. f4 b6 12. Qh5 Nc7 13. Bc4 g6 14. Qf3 Ba6 15.
Bxa6 Nxa6 16. O-O Nc7 17. Qh3 Ne8 18. Qd3 Qe7 19. c4 Nxd6 20. exd6 Qd8 21. Bc3
Rc8 22. Rf3 Qh4 23. Raf1 Qd8 24. Rh3 Rf7 25. Qg3 e5 26. fxe5 Qe8 27. e6 Qxe6
28. Re1 f4 29. Qd3 Qf5 30. Qe2 Qc5+ 31. Kh1 Qxd6 32. Rd3 Qf8 33. Red1 Re8 34.
Qg4 Nb8 35. Rh3 Rf5 36. Rdd3 Qf7 37. Rxh7 Qxh7 38. Rh3 Rh5 39. Qxf4 Rxh3 40.
gxh3 Qxh3 41. Qf6 Qh7 42. Qf3 Rf8 0-1

[Event "Integracyjny Turniej FIANCHETTO"]
[Site "Jastrzebia Gora"]
[Date "2013.??.??"]
[Round "6.9"]
[White "Winiarski, Kazimierz"]
[Black "Wysocki, Mieczyslaw"]
[Result "1-0"]
[WhiteElo "1908"]
[BlackElo "1762"]
[PlyCount "93"]
[EventDate "2013.??.??"]

1. Nf3 f5 2. d4 Nf6 3. c4 g6 4. Nc3 Bg7 5. g3 b6 6. Bg2 Bb7 7. O-O O-O 8. Qb3
Kh8 9. c5 Nc6 10. a4 Ne4 11. e3 Ba6 12. Re1 bxc5 13. Nxe4 fxe4 14. Ng5 e6 15.
Nxe4 cxd4 16. Nc5 Rb8 17. Qd1 Bc4 18. Qc2 dxe3 19. Bxe3 Bd5 20. Bxd5 exd5 21.
Rab1 d4 22. Bf4 g5 23. Bc1 Ne5 24. Re2 d3 25. Nxd3 Nf3+ 26. Kg2 Nd4 27. Qd2
Nxe2 28. Qxe2 Qf6 29. b4 Rbe8 30. Qd1 h6 31. b5 Qf5 32. Be3 Qe4+ 33. Kg1 Bd4
34. Rb4 Qf3 35. Qxf3 Rxf3 36. Rxd4 d6 37. Kg2 Rf5 38. Rc4 a6 39. Rxc7 axb5 40.
axb5 Rxb5 41. Rd7 Rd5 42. Nb4 Rd1 43. Nc6 Re4 44. Ne7 Re6 45. Nf5 Kg8 46. g4
Rd5 47. Ne7+ 1-0

[Event "Integracyjny Turniej FIANCHETTO"]
[Site "Jastrzebia Gora"]
[Date "2013.??.??"]
[Round "6.10"]
[White "Krawczyk, Zbigniew"]
[Black "Witusik, Jerzy"]
[Result "1-0"]
[WhiteElo "1683"]
[BlackElo "1807"]
[PlyCount "53"]
[EventDate "2013.??.??"]

1. c4 c5 2. Nf3 Nf6 3. Nc3 Nc6 4. g3 g6 5. Bg2 Bg7 6. O-O O-O 7. d3 d6 8. Bd2
Qb6 9. a3 a6 10. Rb1 h6 11. Na4 Qc7 12. Nc3 Rb8 13. Qc1 Kh7 14. b4 b6 15. bxc5
bxc5 16. Be3 e5 17. Qc2 Bd7 18. Rxb8 Rxb8 19. Rb1 Ne7 20. Rxb8 Qxb8 21. Qb1 Qc7
22. Nd2 Qa5 23. Qb2 Ng4 24. Nb3 Qc7 25. Bd2 f5 26. h3 Nf6 27. e3 {(...50)} 1-0

[Event "Integracyjny Turniej FIANCHETTO"]
[Site "Jastrzebia Gora"]
[Date "2013.??.??"]
[Round "6.11"]
[White "Woda, Janusz"]
[Black "Mirski, Jerzy"]
[Result "1-0"]
[WhiteElo "1554"]
[BlackElo "1801"]
[PlyCount "101"]
[EventDate "2013.??.??"]

1. b4 d5 2. Bb2 Nf6 3. e3 Bf5 4. c4 e6 5. cxd5 exd5 6. b5 c6 7. Qa4 Be7 8. Nc3
O-O 9. Nf3 Ne4 10. Nd4 Nxc3 11. Bxc3 Bd7 12. Bd3 g6 13. bxc6 Nxc6 14. Nxc6 Bxc6
15. Qd4 f6 16. h4 Bd6 17. Qg4 Qd7 18. Qxd7 Bxd7 19. h5 g5 20. Rb1 b6 21. Ba6
Bc6 22. Bd3 Be5 23. Bb4 Rfe8 24. Rc1 Bd7 25. Ba6 Rad8 26. Bb7 d4 27. h6 dxe3
28. dxe3 Kf7 29. Bd5+ Be6 30. Bc6 Bd7 31. Bf3 Be6 32. Bh5+ Kg8 33. Bxe8 Rxe8
34. a4 Bb3 35. a5 b5 36. O-O Bc4 37. Rfd1 Kf7 38. Rd7+ Kg6 39. Rxa7 Kxh6 40.
Rd1 Kg6 41. Rdd7 h5 42. e4 h4 43. Rg7+ Kh5 44. Rad7 Kg4 45. a6 Be6 46. Rb7 Rd8
47. Be1 Rd1 48. f3+ Kf4 49. Kf2 Bc4 50. Rgd7 Ra1 51. Bd2# 1-0

[Event "Integracyjny Turniej FIANCHETTO"]
[Site "Jastrzebia Gora"]
[Date "2013.??.??"]
[Round "6.12"]
[White "Olszewski, Jerzy"]
[Black "Borkowski, Jozef"]
[Result "0-1"]
[WhiteElo "1778"]
[BlackElo "1673"]
[PlyCount "106"]
[EventDate "2013.??.??"]

1. e4 e5 2. Nf3 Nf6 3. Nc3 Nc6 4. Bc4 h6 5. a3 d6 6. d3 a6 7. O-O b5 8. Ba2 Be6
9. Bxe6 fxe6 10. Nh4 Ne7 11. g3 g5 12. Ng2 Bg7 13. Kh1 O-O 14. f4 exf4 15. gxf4
Nh7 16. fxg5 Rxf1+ 17. Qxf1 hxg5 18. Bd2 Ng6 19. Qe2 e5 20. Ne3 Nf4 21. Qe1 Qe8
22. Nf5 Qh5 23. Qg3 Nf6 24. Rg1 Nh7 25. Nxg7 Kxg7 26. Bxf4 exf4 27. Qxf4 Rf8
28. Qg3 Rf3 29. Qg2 Kh6 30. Ne2 Qf7 31. Ng3 Qf6 32. Nf5+ Rxf5 33. exf5 {(...52)
} 33... Qxf5 34. Rf1 Qe6 35. b3 d5 36. Qf2 Qd6 37. b4 d4 38. Re1 Nf6 39. h3 Nh5
40. Re4 Ng3+ 41. Kg2 Nxe4 42. dxe4 c5 43. Qd2 c4 44. h4 Qe5 45. Kh3 Kg6 46.
hxg5 Qxe4 47. Kg3 c3 48. Qc1 d3 49. cxd3 Qxd3+ 50. Kf2 c2 51. Ke1 Kf5 52. Qd2
Qe4+ 53. Kf2 Qf4+ 0-1

[Event "Integracyjny Turniej FIANCHETTO"]
[Site "Jastrzebia Gora"]
[Date "2013.??.??"]
[Round "6.13"]
[White "Grabarczyk, Edmund"]
[Black "Salamon, Jan"]
[Result "1-0"]
[WhiteElo "1394"]
[BlackElo "1788"]
[PlyCount "87"]
[EventDate "2013.??.??"]

1. e4 c5 2. Nf3 Nc6 3. d4 cxd4 4. Nxd4 Nf6 5. Nc3 d6 6. Be3 e6 7. Qd2 a6 8. f3
Be7 9. g4 Nd7 10. h4 Bxh4+ 11. Bf2 Be7 12. O-O-O Qc7 13. f4 b5 14. a3 Na5 15.
Bh4 Nb6 16. Nd5 Nxd5 17. exd5 Bxh4 18. Rxh4 Nc4 19. Qe1 Kf8 20. dxe6 fxe6 21.
Qxe6 Bxe6 22. Nxe6+ Kf7 23. Nxc7 Ra7 24. Nd5 g6 25. Rd4 Na5 26. Nb4 Nb7 27. c4
a5 28. Nc6 Raa8 29. cxb5 Rae8 30. Bc4+ Kg7 31. Rh1 Re3 32. Kd2 Rg3 33. f5 Rf8
34. fxg6 hxg6 35. Re1 Rf2+ 36. Re2 Rgg2 37. Rxf2 Rxf2+ 38. Be2 Nc5 39. Ke1 Rf6
40. Nxa5 Kh6 41. b6 Nd7 42. b7 Nb8 43. Nc4 d5 44. Rxd5 1-0

[Event "Integracyjny Turniej FIANCHETTO"]
[Site "Jastrzebia Gora"]
[Date "2013.??.??"]
[Round "6.14"]
[White "Kondrusik, Aleksander"]
[Black "Szydlowski, Wiktor"]
[Result "1-0"]
[WhiteElo "1530"]
[BlackElo "1792"]
[PlyCount "124"]
[EventDate "2013.??.??"]

1. e4 e5 2. Nc3 Nc6 3. g3 Nf6 4. Bg2 Bc5 5. d3 a6 6. Qd2 d6 7. h3 Nd4 8. Qd1
Be6 9. Be3 O-O 10. Nge2 Qd7 11. Qd2 b5 12. Nd5 Ne8 13. b4 Ba7 14. c3 Nxe2 15.
Qxe2 c6 16. Nb6 Bxb6 17. Bxb6 c5 18. bxc5 dxc5 19. Bxc5 Qc6 20. Qe3 Nd6 21. O-O
Rfc8 22. Bxd6 Qxd6 23. d4 Bc4 24. Rfc1 Rab8 25. a3 Rd8 26. d5 Rf8 27. Kh2 f5
28. exf5 Rxf5 29. Be4 Rf6 30. Rd1 Rbf8 31. Rd2 Rh6 32. Qe1 Qd7 33. Bg2 Rf5 34.
Qe4 Rhf6 35. Qe3 Rd6 36. Qc5 Rf8 37. Qe3 Re8 38. Re1 Kf8 39. h4 Qe7 40. Qe4 g6
41. Bh3 Red8 42. Bg2 Re8 43. Qe3 Kg7 44. f4 e4 45. Qd4+ Qf6 46. Rxe4 Qxd4 47.
Rdxd4 Rxe4 48. Bxe4 Kf6 49. Kg2 h6 50. g4 g5 51. Kg3 Rd8 52. fxg5+ hxg5 53. h5
Ke5 54. Bf5 Rf8 55. d6 Bd5 56. d7 Rd8 57. Rd1 Bf7 58. Kf3 Bxh5 59. Re1+ Kf6 60.
Re6+ Kf7 61. gxh5 Rxd7 62. Rxa6 Rd8 1-0

[Event "Integracyjny Turniej FIANCHETTO"]
[Site "Jastrzebia Gora"]
[Date "2013.??.??"]
[Round "6.15"]
[White "Ostrowski, Michal"]
[Black "Zawada, Andrzej"]
[Result "1/2-1/2"]
[WhiteElo "1431"]
[BlackElo "1718"]
[PlyCount "73"]
[EventDate "2013.??.??"]

1. Nc3 d5 2. e4 d4 3. Nce2 e5 4. Nf3 Nc6 5. Ng3 Nf6 6. Bc4 Be7 7. d3 O-O 8. O-O
h6 9. h3 Kh8 10. Qe2 Nh7 11. Bd2 f5 12. exf5 Bxf5 13. Nxe5 Nxe5 14. Qxe5 Bd6
15. Qxd4 Bxg3 16. Qxd8 Bxf2+ 17. Rxf2 Raxd8 18. Raf1 Bg6 19. Rxf8+ Nxf8 20. Bb4
Nd7 21. Re1 Re8 22. Rxe8+ Bxe8 23. Bd5 c6 24. Be4 Kg8 25. c4 Kf7 26. Kf2 g6 27.
d4 Nf6 28. Bd3 b5 29. cxb5 cxb5 30. Bc2 Bc6 31. Bb3+ Nd5 32. Bxd5+ Bxd5 33. a3
Kf6 34. g3 h5 35. h4 Kf5 36. Bd6 a5 37. Ke3 1/2-1/2

[Event "Integracyjny Turniej FIANCHETTO"]
[Site "Jastrzebia Gora"]
[Date "2013.??.??"]
[Round "6.17"]
[White "Jackowski, Ryszard"]
[Black "Serbinowski, Mieczyslaw"]
[Result "1/2-1/2"]
[WhiteElo "1764"]
[BlackElo "1766"]
[PlyCount "40"]
[EventDate "2013.??.??"]

1. e4 d6 2. d4 Nd7 3. c4 g6 4. Nc3 Bg7 5. Be3 e6 6. Qd2 Ne7 7. f3 b6 8. Bd3 Bb7
9. Nge2 e5 10. d5 O-O 11. O-O f5 12. f4 Nc5 13. Ng3 exf4 14. Bxf4 Nxd3 15. Qxd3
fxe4 16. Qxe4 Bc8 17. Qd3 Bd7 18. b3 Nf5 19. Rae1 Bxc3 20. Qxc3 20... Qf6 {
(...42)} 1/2-1/2

[Event "Integracyjny Turniej FIANCHETTO"]
[Site "Jastrzebia Gora"]
[Date "2013.??.??"]
[Round "6.18"]
[White "Grabczynski, Zdzislaw"]
[Black "Panczuk, Boleslaw"]
[Result "1-0"]
[WhiteElo "1797"]
[BlackElo "1436"]
[PlyCount "49"]
[EventDate "2013.??.??"]

1. d4 Nf6 2. c4 e6 3. a3 d5 4. Nc3 a6 5. Bg5 Be7 6. e3 O-O 7. f4 c5 8. Nf3 Nbd7
9. Bd3 dxc4 10. Bxc4 cxd4 11. Nxd4 Nb6 12. Ba2 Bd7 13. O-O Bc6 14. Nxc6 bxc6
15. Qc2 Rc8 16. Rad1 Qc7 17. Bb1 g6 18. e4 Nh5 19. Bh6 Rfe8 20. f5 exf5 21.
exf5 Bc5+ 22. Kh1 Bd6 23. fxg6 hxg6 24. Ba2 Re7 25. Qxg6+ 1-0

[Event "Integracyjny Turniej FIANCHETTO"]
[Site "Jastrzebia Gora"]
[Date "2013.??.??"]
[Round "6.19"]
[White "Zatylny, Jan"]
[Black "Korycki, Jozef"]
[Result "1/2-1/2"]
[WhiteElo "1583"]
[BlackElo "1716"]
[PlyCount "32"]
[EventDate "2013.??.??"]

1. d4 d5 2. c4 e6 3. e3 Nf6 4. a3 b6 5. Nf3 Be7 6. Bd3 O-O 7. O-O Bb7 8. cxd5
exd5 9. Nc3 a6 10. h3 Nbd7 11. b4 Bd6 12. Bb2 Re8 13. Qc2 Nf8 14. Rae1 Ng6 15.
Bxg6 hxg6 16. Nd2 16... Qe7 {(...40)} 1/2-1/2

[Event "Integracyjny Turniej FIANCHETTO"]
[Site "Jastrzebia Gora"]
[Date "2013.??.??"]
[Round "6.20"]
[White "Tomczyk, Ryszard"]
[Black "Chmielowski, Stefan"]
[Result "0-1"]
[WhiteElo "1459"]
[BlackElo "1678"]
[PlyCount "66"]
[EventDate "2013.??.??"]

1. e4 e5 2. Bc4 Nf6 3. Nc3 c6 4. Qf3 b5 5. Bb3 a5 6. a3 d6 7. h3 g6 8. d3 Bg7
9. Bg5 Nbd7 10. Nge2 O-O 11. g4 Qc7 12. O-O h6 13. Bd2 Qd8 14. g5 hxg5 15. Bxg5
Nc5 16. Ba2 b4 17. Nb1 Be6 18. b3 Ncd7 19. Kg2 Qc8 20. Rg1 Nh7 21. Be3 f5 22.
c4 f4 23. Nxf4 exf4 24. d4 fxe3 25. Qxe3 c5 26. d5 Bd4 27. Qh6 Rxf2+ 28. Kg3
Bf7 29. Nd2 Rxd2 30. Qxd2 Bxa1 31. Rxa1 Ne5 32. a4 Nf6 33. Rh1 Nxe4+ 0-1

[Event "Integracyjny Turniej FIANCHETTO"]
[Site "Jastrzebia Gora"]
[Date "2013.??.??"]
[Round "6.21"]
[White "Radwan, Jan"]
[Black "Szynwelski, Ryszard"]
[Result "0-1"]
[WhiteElo "1651"]
[BlackElo "1320"]
[PlyCount "24"]
[EventDate "2013.??.??"]

1. e4 e5 2. Nf3 Nc6 3. Bc4 Be7 4. d3 Nf6 5. O-O h6 6. Nc3 O-O 7. h3 d6 8. Nd5
Nxd5 9. exd5 Nb8 10. Be3 f5 11. d4 e4 12. Nd2 f4 0-1

[Event "Integracyjny Turniej FIANCHETTO"]
[Site "Jastrzebia Gora"]
[Date "2013.??.??"]
[Round "6.22"]
[White "Budnik, Kazimierz"]
[Black "Piasecki, Stanislaw"]
[Result "1-0"]
[WhiteElo "1326"]
[BlackElo "1648"]
[PlyCount "73"]
[EventDate "2013.??.??"]

1. e4 c6 2. Nf3 d5 3. e5 Bg4 4. h3 Bh5 5. d4 e6 6. Be2 Bb4+ 7. c3 Ba5 8. Bg5
Ne7 9. b4 Bb6 10. Nbd2 h6 11. Bh4 Nd7 12. a4 Nf8 13. a5 Bc7 14. Nb3 Nfg6 15.
Bg3 O-O 16. Nh4 Bxe2 17. Qxe2 b6 18. O-O Nc8 19. Qh5 Nce7 20. f4 Kh7 21. f5
Nxh4 22. Bxh4 exf5 23. axb6 Bxb6 24. Na5 g6 25. Bxe7 Qxe7 26. Qf3 Rac8 27. Rfe1
Rfe8 28. Ra2 Qc7 29. Kh1 Re6 30. Nb3 Rce8 31. Rae2 R8e7 32. g4 fxg4 33. Qxg4
Qd8 34. Rf1 Qe8 35. Ref2 Rb7 36. Rf4 Rbe7 37. Qf3 {(...41)} 1-0

[Event "Integracyjny Turniej FIANCHETTO"]
[Site "Jastrzebia Gora"]
[Date "2013.??.??"]
[Round "6.24"]
[White "Lenart, Franciszek"]
[Black "Grobelna, Ewa"]
[Result "1/2-1/2"]
[WhiteElo "1573"]
[BlackElo "1541"]
[PlyCount "48"]
[EventDate "2013.??.??"]

1. d4 d5 2. e3 Bf5 3. c4 e6 4. Qb3 Qc8 5. Nf3 Nd7 6. Nc3 Ngf6 7. Ne5 Be7 8.
Nxd7 Nxd7 9. Be2 O-O 10. O-O c6 11. f4 Bd6 12. c5 Bc7 13. Qd1 h6 14. h3 Nf6 15.
Bf3 Ne4 16. Nxe4 Bxe4 17. Bxe4 dxe4 18. Qc2 f5 19. b4 Bd8 20. a4 a6 21. a5 Bf6
22. Qb3 Qd7 23. Bb2 Qd5 24. Qxd5 exd5 1/2-1/2

[Event "Integracyjny Turniej FIANCHETTO"]
[Site "Jastrzebia Gora"]
[Date "2013.??.??"]
[Round "6.25"]
[White "Jurkiewicz, Kazimierz"]
[Black "Czarkowski, Jan"]
[Result "1-0"]
[WhiteElo "1437"]
[BlackElo "1289"]
[PlyCount "21"]
[EventDate "2013.??.??"]

1. d4 d5 2. Nf3 Nf6 3. Bg5 Bg4 4. h3 Bh5 5. g4 Bg6 6. Ne5 e6 7. h4 h6 8. Bxf6
Qxf6 9. g5 hxg5 10. hxg5 Qxg5 11. Rxh8 1-0

[Event "Integracyjny Turniej FIANCHETTO"]
[Site "Jastrzebia Gora"]
[Date "2013.??.??"]
[Round "6.26"]
[White "Krupecka-czarkowska, Danuta"]
[Black "Pilecki, Jozef"]
[Result "1-0"]
[WhiteElo "1233"]
[BlackElo "1399"]
[PlyCount "40"]
[EventDate "2013.??.??"]

1. e4 e5 2. Nf3 Nc6 3. Nc3 Nf6 4. Bb5 d6 5. O-O Bd7 6. d3 h6 7. Nh4 a6 8. Ba4
Nxe4 9. Nxe4 Qxh4 10. h3 Qd8 11. c3 Be7 12. Be3 d5 13. Ng3 d4 14. Bd2 Bg5 15.
Be1 g6 16. Qf3 Qf6 17. Qd5 O-O 18. Qxd7 Qe7 19. Qxe7 Nxe7 20. c4 20... Nf5 {
(...40)} 1-0

[Event "Integracyjny Turniej FIANCHETTO"]
[Site "Jastrzebia Gora"]
[Date "2013.??.??"]
[Round "7.1"]
[White "Relidzynski, Tadeusz"]
[Black "Kiedrowicz, Jan"]
[Result "1/2-1/2"]
[WhiteElo "1875"]
[BlackElo "2312"]
[PlyCount "46"]
[EventDate "2013.??.??"]

1. e4 d6 2. d4 Nf6 3. Nc3 Nbd7 4. Be3 e5 5. f3 c6 6. Qd2 Be7 7. Nge2 b5 8. Ng3
exd4 9. Bxd4 b4 10. Nd1 c5 11. Bf2 g6 12. Ne3 h5 13. Ne2 Nb6 14. Nf4 g5 15.
Nfd5 Nfxd5 16. Nxd5 Nxd5 17. Qxd5 Be6 18. Bb5+ Kf8 19. Qd3 Bf6 20. O-O Bxb2 21.
Rad1 Kg7 22. Qxd6 Qxd6 23. Rxd6 23... Rhd8 {(...43)} 1/2-1/2

[Event "Integracyjny Turniej FIANCHETTO"]
[Site "Jastrzebia Gora"]
[Date "2013.??.??"]
[Round "7.2"]
[White "Kaukiel, Piotr"]
[Black "Schils, Heinz"]
[Result "1-0"]
[WhiteElo "2211"]
[BlackElo "1811"]
[PlyCount "45"]
[EventDate "2013.??.??"]

1. Nf3 f5 2. e4 fxe4 3. Ng5 Nf6 4. d3 e3 5. Bxe3 e5 6. d4 exd4 7. Qxd4 d5 8.
Nc3 Nc6 9. Qh4 Ne5 10. O-O-O c6 11. Be2 Bd6 12. f4 Nf7 13. Bd3 Nh6 14. Bd4 Nf5
15. Rhe1+ Kf8 16. Bxf5 Bxf5 17. Ne6+ Bxe6 18. Rxe6 Kf7 19. Rde1 h5 20. Qg5 Qd7
21. g3 Rae8 22. f5 Rh6 23. Bxf6 1-0

[Event "Integracyjny Turniej FIANCHETTO"]
[Site "Jastrzebia Gora"]
[Date "2013.??.??"]
[Round "7.3"]
[White "Szczepaniec, Stanislaw"]
[Black "Rogalski, Krzysztof"]
[Result "1/2-1/2"]
[WhiteElo "1987"]
[BlackElo "1805"]
[PlyCount "62"]
[EventDate "2013.??.??"]

1. c4 Nf6 2. Nf3 e6 3. d4 b6 4. a3 Bb7 5. Nc3 Be7 6. Qc2 d5 7. cxd5 exd5 8. Bf4
c6 9. b4 a6 10. e3 O-O 11. Bd3 Nbd7 12. Rb1 b5 13. Ng5 g6 14. h4 Nh5 15. g4
Nxf4 16. exf4 Re8 17. Kf1 Bf6 18. Nf3 Nf8 19. g5 Bg7 20. h5 Qd6 21. Ne5 a5 22.
Ne2 axb4 23. axb4 Ra4 24. hxg6 fxg6 25. Kg2 Rxb4 26. Rxb4 Qxb4 27. Nxc6 Qd6 28.
Ne5 Nd7 29. Rh4 Nxe5 30. fxe5 Qb4 31. Rf4 31... Bc8 {(...60)} 1/2-1/2

[Event "Integracyjny Turniej FIANCHETTO"]
[Site "Jastrzebia Gora"]
[Date "2013.??.??"]
[Round "7.4"]
[White "Wroblewski, Mieczyslaw"]
[Black "Najdzionek, Boleslaw"]
[Result "0-1"]
[WhiteElo "1825"]
[BlackElo "1911"]
[PlyCount "72"]
[EventDate "2013.??.??"]

1. e4 e5 2. Nf3 Nc6 3. Bb5 a6 4. Ba4 Nge7 5. c3 b5 6. Bb3 Ng6 7. d4 exd4 8.
cxd4 Bb4+ 9. Nc3 O-O 10. O-O Na5 11. Bc2 c6 12. d5 Nc4 13. Qd4 Be7 14. e5 c5
15. Qe4 d6 16. b3 f5 17. exf6 Bxf6 18. bxc4 Bxc3 19. Rb1 Bf5 20. Qe2 Bg4 21.
Qd3 b4 22. Ng5 Qe8 23. f3 Bf5 24. Qd1 Ne5 25. Bxf5 Rxf5 26. f4 Nxc4 27. Qd3
Bd4+ 28. Kh1 Qg6 29. Qxc4 Rxg5 30. fxg5 Qxb1 31. Bf4 Qg6 32. Re1 Rf8 33. g3 Re8
34. Re2 Qb1+ 35. Kg2 Qg1+ 36. Kh3 Qf1+ 0-1

[Event "Integracyjny Turniej FIANCHETTO"]
[Site "Jastrzebia Gora"]
[Date "2013.??.??"]
[Round "7.5"]
[White "Niecko, Stanislaw"]
[Black "Bakalarz, Leszek"]
[Result "0-1"]
[WhiteElo "1817"]
[BlackElo "2148"]
[PlyCount "80"]
[EventDate "2013.??.??"]

1. c4 e5 2. Nc3 Nf6 3. Nf3 Nc6 4. e4 Bc5 5. Nxe5 Bxf2+ 6. Kxf2 Nxe5 7. d4 Neg4+
8. Kg1 d6 9. h3 Nh6 10. Bg5 c6 11. Be2 Nhg8 12. Kh2 h6 13. Bh4 g5 14. Bg3 h5
15. Rf1 h4 16. Be1 g4 17. e5 dxe5 18. dxe5 Qc7 19. Qd6 Qxd6 20. exd6 Be6 21.
hxg4 Nxg4+ 22. Bxg4 Bxg4 23. Ne4 f5 24. Nf2 Be2 25. Rg1 Bxc4 26. Bc3 Rh6 27.
Be5 Kd7 28. Bf4 Rg6 29. Rge1 Re8 30. Rxe8 Kxe8 31. Re1+ Kd7 32. Nh3 Bxa2 33.
Be5 Nh6 34. Bf4 Ng4+ 35. Kg1 Re6 36. Rxe6 Bxe6 37. Ng5 Bd5 38. Nh3 c5 39. Nf2
c4 40. Nd1 b5 0-1

[Event "Integracyjny Turniej FIANCHETTO"]
[Site "Jastrzebia Gora"]
[Date "2013.??.??"]
[Round "7.6"]
[White "Pioch, Zygmunt"]
[Black "Krawczyk, Zbigniew"]
[Result "1-0"]
[WhiteElo "2086"]
[BlackElo "1683"]
[PlyCount "59"]
[EventDate "2013.??.??"]

1. e4 c5 2. Nf3 d6 3. d4 cxd4 4. Nxd4 Nf6 5. Nc3 g6 6. Bc4 Bg7 7. h3 Nxe4 8.
Nxe4 d5 9. Bb5+ Bd7 10. Bxd7+ Nxd7 11. Nc3 O-O 12. Nb3 e6 13. O-O Rc8 14. Ne2
Qc7 15. c3 Rfe8 16. Bg5 h6 17. Be3 b6 18. Qd2 Kh7 19. Rad1 Qc4 20. f4 Nf6 21.
Bd4 Ne4 22. Qe3 Rc6 23. Bxg7 Kxg7 24. Ng3 f5 25. Ne2 Qa6 26. Nbd4 Rc7 27. a3
Kf6 28. Nf3 Rec8 29. Qd4+ Kf7 30. Rfe1 1-0

[Event "Integracyjny Turniej FIANCHETTO"]
[Site "Jastrzebia Gora"]
[Date "2013.??.??"]
[Round "7.7"]
[White "Krawcewicz, Lucyna"]
[Black "Grabarczyk, Edmund"]
[Result "1-0"]
[WhiteElo "1935"]
[BlackElo "1394"]
[PlyCount "29"]
[EventDate "2013.??.??"]

1. d4 Nf6 2. Nf3 g6 3. c4 Bg7 4. Nc3 d5 5. cxd5 Nxd5 6. e4 Nxc3 7. bxc3 O-O 8.
Bc4 c5 9. O-O Bg4 10. Be3 Qa5 11. Rc1 e5 12. dxe5 Bxe5 13. Qd5 Bxf3 14. Qxe5
Bg4 15. Bh6 1-0

[Event "Integracyjny Turniej FIANCHETTO"]
[Site "Jastrzebia Gora"]
[Date "2013.??.??"]
[Round "7.8"]
[White "Borkowski, Jozef"]
[Black "Winiarski, Kazimierz"]
[Result "0-1"]
[WhiteElo "1673"]
[BlackElo "1908"]
[PlyCount "68"]
[EventDate "2013.??.??"]

1. e4 c5 2. Nf3 d6 3. c4 Nc6 4. Nc3 g6 5. d4 cxd4 6. Nxd4 Bg7 7. Be3 Nf6 8. Be2
O-O 9. f3 Bd7 10. Qd2 Nxd4 11. Bxd4 Bc6 12. a4 Qa5 13. O-O Rfd8 14. Rfb1 Qh5
15. Nd5 Bxd5 16. cxd5 Rac8 17. Rc1 Bh6 18. Rxc8 Rxc8 19. Qd1 b6 20. b3 Bf4 21.
g3 Be5 22. Kg2 Bxd4 23. Qxd4 Qe5 24. Qd1 Qc3 25. Bc4 Nd7 26. Rc1 Qe3 27. Qf1
Ne5 28. Re1 Qc3 29. Rc1 Qd2+ 30. Kg1 Nxf3+ 31. Qxf3 Qxc1+ 32. Kg2 Rxc4 33. bxc4
Qxc4 34. a5 34... bxa5 {(...45)} 0-1